[Event "DVM U20 2005"]
[Site "Berlin GER"]
[Date "2005.12.27"]
[Round "1"]
[White "Hilverda, Alexander"]
[Black "Mutschnik, Illya"]
[Result "0-1"]
[Termination "normal"]
[Board "1.1"]
[BlackTitle "IM"]
[WhiteElo "2156"]
[BlackElo "2414"]
[WhiteTeam "Heeper SK von 73"]
[BlackTeam "OSC Baden-Baden"]
[PlyCount "80"]
[WhiteFideId "4695437"]
[BlackFideId "14111080"]
[EventCountry "GER"]
[EventRounds "7"]
[EventType "team-swiss"]
[EventDate "2005.12.26"]

1. e4 c5 2. Nf3 e6 3. d4 cxd4 4. Nxd4 Nc6 5. Nc3 Qc7 6. Be3 a6 7. Be2 Nf6 8.
O-O Bb4 9. Na4 Bd6 10. g3 b5 11. Nxc6 Qxc6 12. Nb6 Bb7 13. Nxa8 Qxe4 14. Bf3
Qxf3 15. Qxf3 Bxf3 16. Nb6 Bc6 17. a4 Ke7 18. Bd4 Ne4 19. h4 Nd2 20. axb5 axb5
21. Bxg7 Nf3+ 22. Kh1 Rb8 23. Nxd7 Kxd7 24. Rfd1 Nxh4+ 25. Kg1 Nf3+ 26. Kf1 Ra8
27. b3 Rxa1 28. Rxa1 Bc5 29. Ke2 Ng5 30. Rd1+ Ke7 31. Rd3 f6 32. Bh6 b4 33.
Bxg5 fxg5 34. c4 h5 35. Rd1 h4 36. gxh4 gxh4 37. f3 Bd6 38. Kf2 h3 39. Ra1 Kf6
40. Ra5 Be5 0-1

[Event "DVM U20 2005"]
[Site "Berlin GER"]
[Date "2005.12.27"]
[Round "1"]
[White "Beckmann, Emanuel"]
[Black "Beck, Frederik"]
[Result "1/2-1/2"]
[Termination "normal"]
[Board "1.3"]
[WhiteElo "1914"]
[BlackElo "2214"]
[WhiteTeam "Heeper SK von 73"]
[BlackTeam "OSC Baden-Baden"]
[PlyCount "106"]
[WhiteFideId "24608025"]
[BlackFideId "4687388"]
[EventCountry "GER"]
[EventRounds "7"]
[EventType "team-swiss"]
[EventDate "2005.12.26"]

1. e4 c5 2. Nf3 e6 3. d4 cxd4 4. Nxd4 Nc6 5. Nc3 Qc7 6. Be3 a6 7. Be2 Nf6 8.
O-O Bb4 9. Na4 Bd6 10. h3 b5 11. Nxc6 dxc6 12. Bb6 Qe7 13. e5 Bxe5 14. Bc5 Qd7
15. Nb6 Qxd1 16. Raxd1 Rb8 17. f4 Bc7 18. Nxc8 Rxc8 19. f5 Ne4 20. b4 Nxc5 21.
bxc5 exf5 22. Rxf5 f6 23. Bg4 Rd8 24. Rff1 Ke7 25. Bf3 Be5 26. Bxc6 Rc8 27. Be4
Rxc5 28. Rd2 Rc4 29. Bf5 Rd4 30. Rfd1 Rhd8 31. Rxd4 Bxd4+ 32. Kf1 g6 33. Bg4 f5
34. Bf3 Rd6 35. Ke2 Re6+ 36. Kd3 {(=)} Bc5 37. Kc3 Kf6 38. Rd7 h6 39. Rc7 Bd6
40. Rc6 Ke7 41. Kd3 a5 42. Ra6 Bc7 43. Rxe6+ Kxe6 44. c3 Ke5 45. Bc6 b4 46.
cxb4 axb4 47. Ke3 h5 48. Be8 Kf6 49. Kf3 h4 50. Kf2 g5 51. Kf3 Bd6 52. Bd7 Ke5
53. Bc8 f4 1/2-1/2

[Event "DVM U20 2005"]
[Site "Berlin GER"]
[Date "2005.12.27"]
[Round "1"]
[White "Schaaf, Robert"]
[Black "Ebert, Manuel"]
[Result "0-1"]
[Termination "normal"]
[Board "1.4"]
[WhiteElo "2113"]
[BlackElo "1999"]
[WhiteTeam "OSC Baden-Baden"]
[BlackTeam "Heeper SK von 73"]
[PlyCount "54"]
[WhiteFideId "4687418"]
[BlackFideId "24621102"]
[EventCountry "GER"]
[EventRounds "7"]
[EventType "team-swiss"]
[EventDate "2005.12.26"]

1. e4 c5 2. c3 Nf6 3. d3 d6 4. f4 Nc6 5. Nf3 Qc7 6. Qc2 e6 7. g3 g6 8. Bg2 Bg7
9. O-O O-O 10. h3 Nd7 11. Be3 b5 12. Nbd2 Bb7 13. d4 cxd4 14. cxd4 Qb6 15. Qd3
Nb4 16. Qc3 a5 17. a3 Rfc8 18. Qb3 Nc2 19. Rac1 Nxe3 20. Qxe3 e5 21. fxe5 dxe5
22. Rxc8+ Rxc8 23. Ng5 Rf8 24. Qb3 Qxd4+ 25. Rf2 Nc5 26. Qc3 Qxc3 27. bxc3 Bh6
0-1

[Event "DVM U20 2005"]
[Site "Berlin GER"]
[Date "2005.12.27"]
[Round "1"]
[White "Fox, Daniel"]
[Black "Hauser, Carlos"]
[Result "1/2-1/2"]
[Termination "normal"]
[Board "1.5"]
[WhiteElo "2009"]
[BlackElo "2131"]
[WhiteTeam "Heeper SK von 73"]
[BlackTeam "OSC Baden-Baden"]
[PlyCount "64"]
[WhiteFideId "24623172"]
[BlackFideId "24608238"]
[EventCountry "GER"]
[EventRounds "7"]
[EventType "team-swiss"]
[EventDate "2005.12.26"]

1. e4 c5 2. c3 Nf6 3. e5 Nd5 4. d4 cxd4 5. Nf3 e6 6. cxd4 b6 7. Bc4 Bb7 8. O-O
Be7 9. Qe2 d6 10. Rd1 Nd7 11. Bxd5 Bxd5 12. Nc3 Bxf3 13. Qxf3 O-O 14. Bf4 d5
15. Qg4 f5 16. Qe2 g5 17. Bd2 a6 18. a4 Ra7 19. f4 g4 20. Rdc1 Nb8 21. Nd1 Rc7
22. Be3 Kf7 23. Rxc7 Qxc7 24. Rc1 Qd7 25. Qc2 Rd8 26. Nf2 Ke8 27. Nd3 h5 28.
Qb3 Qa7 29. a5 b5 30. Qc3 Kd7 31. Kf2 h4 32. Ke2 Re8 1/2-1/2

[Event "DVM U20 2005"]
[Site "Berlin GER"]
[Date "2005.12.27"]
[Round "1"]
[White "Krämer, Martin"]
[Black "Krutwig, Longlong"]
[Result "1-0"]
[Termination "normal"]
[Board "2.1"]
[WhiteTitle "FM"]
[WhiteElo "2389"]
[BlackElo "2193"]
[WhiteTeam "SV Medizin Erfurt"]
[BlackTeam "SF Köln-Mülheim"]
[PlyCount "45"]
[WhiteFideId "4671910"]
[BlackFideId "24629979"]
[EventCountry "GER"]
[EventRounds "7"]
[EventType "team-swiss"]
[EventDate "2005.12.26"]

1. e4 Nc6 2. Nf3 e5 3. Bb5 a6 4. Ba4 Nf6 5. O-O Be7 6. Bxc6 dxc6 7. d3 Bg4 8.
h3 Bh5 9. Nbd2 Bd6 10. Nc4 Qe7 11. Ne3 O-O-O 12. Nf5 Qd7 13. Nxg7 Rhg8 14. Nxh5
Nxh5 15. Kh1 Rg7 16. Nxe5 Ng3+ 17. fxg3 Bxe5 18. g4 h5 19. g5 Rdg8 20. Be3 f6
21. d4 Bd6 22. Rxf6 Be7 23. e5 1-0

[Event "DVM U20 2005"]
[Site "Berlin GER"]
[Date "2005.12.27"]
[Round "1"]
[White "Krug, Kevin"]
[Black "Holzschuh, Stephan"]
[Result "1/2-1/2"]
[Termination "normal"]
[Board "2.2"]
[WhiteElo "2111"]
[BlackElo "2257"]
[WhiteTeam "SF Köln-Mülheim"]
[BlackTeam "SV Medizin Erfurt"]
[PlyCount "59"]
[WhiteFideId "24609110"]
[BlackFideId "4677471"]
[EventCountry "GER"]
[EventRounds "7"]
[EventType "team-swiss"]
[EventDate "2005.12.26"]

1. d4 Nf6 2. Nc3 d5 3. Bg5 Nbd7 4. f3 h6 5. Bh4 g5 6. Bf2 e5 7. e3 Bb4 8. Nge2
exd4 9. exd4 Qe7 10. Qd2 Nb6 11. O-O-O Be6 12. Ng3 O-O-O 13. Qd3 Nc4 14. Nf5
Qd7 15. Ng7 Qc6 16. Nxe6 fxe6 17. Nb1 Bd6 18. Bg3 Kb8 19. Qc3 Nd7 20. Bxc4 dxc4
21. Bxd6 cxd6 22. d5 exd5 23. Qd4 Nb6 {R} 24. Nc3 Qc5 25. Rhe1 Qxd4 26. Rxd4
Rhe8 27. Red1 Re5 28. Nxd5 Nxd5 29. Rxd5 Rxd5 30. Rxd5 1/2-1/2

[Event "DVM U20 2005"]
[Site "Berlin GER"]
[Date "2005.12.27"]
[Round "1"]
[White "Wehner, Janis"]
[Black "Papaioannou, Dimitri"]
[Result "1-0"]
[Termination "normal"]
[Board "2.3"]
[WhiteElo "2237"]
[BlackElo "2024"]
[WhiteTeam "SV Medizin Erfurt"]
[BlackTeam "SF Köln-Mülheim"]
[PlyCount "104"]
[WhiteFideId "4693299"]
[BlackFideId "24673170"]
[EventCountry "GER"]
[EventRounds "7"]
[EventType "team-swiss"]
[EventDate "2005.12.26"]

1. Nf3 d5 2. g3 Nf6 3. Bg2 c5 4. O-O Nc6 5. d3 Bg4 6. Nbd2 g6 7. c3 Bg7 8. Re1
O-O 9. h3 Bxf3 10. Bxf3 e5 11. e4 d4 12. c4 Qd6 13. Nf1 a6 14. Bg2 Nh5 15. Bf3
Nf6 16. Be2 Rab8 17. f4 Qe6 18. Kg2 Ne8 19. Bf3 Nd6 20. Qe2 Kh8 21. b3 a5 22.
Ba3 Nb4 23. Bxb4 axb4 24. fxe5 Qxe5 25. a3 bxa3 26. Rxa3 Ra8 27. Qa2 Rxa3 28.
Qxa3 h5 29. b4 Bh6 30. bxc5 Nf5 31. Qb4 Ne3+ 32. Nxe3 dxe3 33. Qxb7 Rb8 34.
Qxf7 Qb2+ 35. Re2 Qc1 36. g4 Rb1 37. Qe8+ Kh7 38. Qf7+ Bg7 39. Kg3 Qg1+ 40. Kf4
h4 41. Kg5 Qg3 42. Qxg6+ Kh8 43. Qe8+ Kh7 44. Qf7 Rf1 45. Qf5+ Kg8 46. Ra2 Qb8
47. Qd5+ Kh7 48. e5 Qxe5+ 49. Qxe5 Bxe5 50. Be4+ Kg7 51. Re2 Bd4 52. Kh5 Bxc5
1-0

[Event "DVM U20 2005"]
[Site "Berlin GER"]
[Date "2005.12.27"]
[Round "1"]
[White "Albers, Damian"]
[Black "Buckan, Jens"]
[Result "1-0"]
[Termination "normal"]
[Board "2.4"]
[WhiteElo "1974"]
[BlackElo "2107"]
[WhiteTeam "SF Köln-Mülheim"]
[BlackTeam "SV Medizin Erfurt"]
[PlyCount "173"]
[WhiteFideId "4695186"]
[BlackFideId "4684508"]
[EventCountry "GER"]
[EventRounds "7"]
[EventType "team-swiss"]
[EventDate "2005.12.26"]

1. e4 c5 2. Nf3 d6 3. d4 cxd4 4. Nxd4 Nf6 5. Nc3 a6 6. Be3 e6 7. Be2 Qc7 8. Qd2
b5 9. f3 Be7 10. O-O O-O 11. Rfc1 Nbd7 12. a4 b4 13. Na2 d5 14. Nxb4 dxe4 15.
c4 Bb7 16. f4 Bc5 17. Nb3 Rfd8 18. Qc3 Rac8 19. Nc2 Bxe3+ 20. Qxe3 a5 21. Na3
Nc5 22. Nxc5 Qxc5 23. Qxc5 Rxc5 24. Rd1 Rcc8 25. Nb5 Kf8 26. Rxd8+ Rxd8 27. Rd1
Rxd1+ 28. Bxd1 Ke7 29. Kf2 e3+ 30. Kxe3 Bxg2 31. Nd4 Bf1 32. c5 Nd5+ 33. Kf2
Ba6 34. Nc6+ Ke8 35. Nxa5 Nxf4 36. Ke3 Nd3 37. Kd4 Nxb2 38. Bc2 Kd8 39. Kc3
Nxa4+ 40. Bxa4 g5 41. Nc6+ Kc7 42. Ne5 f6 43. Nd7 f5 44. Nf8 Bc8 45. Nxh7 g4
46. Kd4 f4 47. Ng5 g3 48. h4 e5+ 49. Ke4 Bg4 50. Nf3 g2 51. Ng1 f3 52. Ke3 Kb7
53. Be8 e4 54. Bg6 Kc6 55. Bxe4+ Kxc5 56. Bxf3 Bf5 57. Bxg2 Kd6 58. Kf4 Bh7 59.
Be4 Bg8 60. Kg5 Ke5 61. Bg6 Ke6 62. Nf3 Ke7 63. Nd4 Kf8 64. Kf6 Bc4 65. Bh7 Bf7
66. Nf5 Bh5 67. Ne7 Be2 68. Ng6+ Ke8 69. Nf4 Bd1 70. Kg7 Ke7 71. Bd3 Kd6 72.
Be2 Bc2 73. h5 Ke5 74. Bd3 Bd1 75. h6 Kxf4 76. h7 Ke3 77. Bg6 Bb3 78. h8=Q Bc4
79. Kf6 Kd4 80. Qd8+ Kc3 81. Ke5 Kb4 82. Qb6+ Kc3 83. Qc5 Kb3 84. Kd4 Be2 85.
Bd3 Bd1 86. Qb5+ Ka2 87. Kc3 1-0

[Event "DVM U20 2005"]
[Site "Berlin GER"]
[Date "2005.12.27"]
[Round "1"]
[White "Gehlhaar, Christian"]
[Black "Rosenstein, Wadim"]
[Result "1-0"]
[Termination "normal"]
[Board "2.5"]
[WhiteElo "2095"]
[BlackElo "1831"]
[WhiteTeam "SV Medizin Erfurt"]
[BlackTeam "SF Köln-Mülheim"]
[PlyCount "139"]
[WhiteFideId "4663888"]
[BlackFideId "24148148"]
[EventCountry "GER"]
[EventRounds "7"]
[EventType "team-swiss"]
[EventDate "2005.12.26"]

1. e4 c5 2. Nf3 e6 3. d4 cxd4 4. Nxd4 a6 5. Bd3 Nc6 6. Be3 d5 7. O-O e5 8. Nxc6
bxc6 9. f4 Nf6 10. fxe5 Ng4 11. Qf3 Nxe5 12. Qh5 Ng6 13. exd5 Qxd5 14. Bxg6
fxg6 15. Qxd5 cxd5 16. Nc3 Bf5 17. Nxd5 Bd6 18. c4 Bd3 19. Rfd1 Bf5 20. Nb6 Rd8
21. c5 Bc7 22. Nd5 Be5 23. Bg5 Bxb2 24. Re1+ Kf7 25. Bxd8 Bxa1 26. Re7+ Kf8 27.
Nc7 Rg8 28. c6 Bf6 29. Re8+ Kf7 30. Rxg8 Bd4+ 31. Kh1 Kxg8 32. Nxa6 Kf7 33. c7
Bc8 34. Nb4 Bc5 35. Nc6 Ke6 {(=)} 36. h3 Kd7 37. Ne5+ Ke6 38. Nc4 Kd5 39. Nd2
Be3 40. Nf3 Bf2 41. Kh2 h6 42. Nh4 g5 43. Ng6 Bc5 44. Ne7+ Bxe7 45. Bxe7 Ke6
46. Bb4 g6 47. Kg3 h5 48. Kf2 Kd5 49. Ke3 Kc6 50. Ba5 Kb7 51. Kd4 g4 52. h4 Be6
53. a3 Bd7 54. g3 Ba4 55. Kd5 Kc8 56. Kd6 Bc2 57. Bd2 Ba4 58. Bf4 Bc2 {(=)} 59.
Ke6 Ba4 60. Kd5 Bb3+ 61. Kc5 Bc2 62. Kb4 Be4 63. a4 Bh1 64. Kc5 Be4 65. Kb6 Bc2
66. a5 Be4 67. a6 Bh1 68. a7 Be4 69. Kc5 Bf5 70. a8=Q+ 1-0

[Event "DVM U20 2005"]
[Site "Berlin GER"]
[Date "2005.12.27"]
[Round "1"]
[White "Jovanovic, Valter"]
[Black "Hermann, Ingo"]
[Result "0-1"]
[Termination "normal"]
[Board "2.6"]
[WhiteElo "1573"]
[BlackElo "2007"]
[WhiteTeam "SF Köln-Mülheim"]
[BlackTeam "SV Medizin Erfurt"]
[PlyCount "164"]
[BlackFideId "24603716"]
[EventCountry "GER"]
[EventRounds "7"]
[EventType "team-swiss"]
[EventDate "2005.12.26"]

1. d4 d6 2. c4 e5 3. Nf3 e4 4. Nfd2 f5 5. e3 Nf6 6. Nc3 g6 7. Be2 Bg7 8. O-O
O-O 9. Qc2 c6 10. Rd1 Qe7 11. Nf1 Kh8 12. Bd2 Be6 13. Rac1 Bg8 14. a3 Nbd7 15.
Ng3 Rfe8 16. Bf1 Rac8 17. Nce2 h6 18. Nf4 Kh7 19. f3 Nf8 20. fxe4 Nxe4 21. Nxe4
Qxe4 22. Bd3 Qe7 23. Kh1 Bf7 24. Rf1 Ne6 25. Nxe6 Qxe6 26. e4 fxe4 27. Bxe4 d5
28. Bd3 dxc4 29. Bxc4 Qxc4 30. Qxc4 Bxc4 31. Rxc4 Re2 32. Bc3 Rce8 33. h3 Kg8
34. d5 cxd5 35. Rc7 R2e7 36. Rxe7 Rxe7 37. Rd1 Rd7 38. Kg1 Bxc3 39. bxc3 Kf7
40. Kf2 Ke6 41. Ke3 Rc7 42. Kd3 Rf7 43. Ke3 Ke5 44. Rb1 {R} b6 45. Rb5 Kd6 46.
g3 Re7+ 47. Kd3 Re1 48. Rb4 Kc5 49. Rg4 Re6 50. h4 b5 51. a4 a5 52. axb5 Kxb5
53. Kc2 Kc5 54. Kd3 {R} h5 55. Ra4 Kb5 56. Ra1 Re4 57. Ra3 Rg4 58. Kd2 Ka6 59.
Kd3 d4 60. Ra1 Rxg3+ 61. Kxd4 Rg4+ 62. Kd5 Rxh4 63. c4 Rg4 64. Rf1 Rg2 65. c5
Rd2+ 66. Kc6 a4 67. Rf8 Ka5 68. Kb7 Kb4 69. c6 Rc2 70. c7 a3 71. c8=Q Rxc8 72.
Rxc8 g5 73. Kc6 h4 74. Kd5 h3 75. Rb8+ Kc3 76. Ra8 Kb2 77. Rb8+ Kc2 78. Rc8+
Kb2 79. Rb8+ Ka1 80. Kc4 g4 81. Rg8 h2 82. Rh8 g3 0-1

[Event "DVM U20 2005"]
[Site "Berlin GER"]
[Date "2005.12.27"]
[Round "1"]
[White "Hörr, Matthias"]
[Black "Brener, Ilja"]
[Result "0-1"]
[Termination "normal"]
[Board "3.1"]
[BlackTitle "FM"]
[WhiteElo "2089"]
[BlackElo "2334"]
[WhiteTeam "SK König Plauen"]
[BlackTeam "SV Glück auf Rüdersdorf"]
[PlyCount "68"]
[WhiteFideId "4681398"]
[BlackFideId "4688201"]
[EventCountry "GER"]
[EventRounds "7"]
[EventType "team-swiss"]
[EventDate "2005.12.26"]

1. e4 c6 2. d4 d5 3. e5 Bf5 4. h4 h6 5. g4 Bd7 6. c3 c5 7. a3 Nc6 8. Be3 a5 9.
Nd2 cxd4 10. cxd4 Qb6 11. Nb3 e6 12. Rb1 a4 13. Na1 h5 14. g5 Nge7 15. Nf3 Na5
16. Bd3 g6 17. O-O Nf5 18. b4 Nc4 19. Nc2 Bb5 20. Qe2 Be7 21. Kh2 O-O 22. Rfc1
Rac8 23. Kh3 Rc6 24. Nd2 Rfc8 25. Nxc4 Bxc4 26. Ne1 Qb5 27. Bxc4 dxc4 28. Qf3
c3 29. Qe4 Rd8 30. Nd3 c2 31. Ra1 Rc3 32. Nf4 Rxd4 33. Qf3 Qxe5 34. Kh2 Nxe3
0-1

[Event "DVM U20 2005"]
[Site "Berlin GER"]
[Date "2005.12.27"]
[Round "1"]
[White "Frübing, Stefan"]
[Black "Pfeufer, Lion"]
[Result "0-1"]
[Termination "normal"]
[Board "3.2"]
[WhiteElo "2233"]
[BlackElo "2008"]
[WhiteTeam "SV Glück auf Rüdersdorf"]
[BlackTeam "SK König Plauen"]
[PlyCount "74"]
[WhiteFideId "4682165"]
[BlackFideId "4681444"]
[EventCountry "GER"]
[EventRounds "7"]
[EventType "team-swiss"]
[EventDate "2005.12.26"]

1. e4 c5 2. Nf3 Nc6 3. Nc3 Nf6 4. Bb5 g6 5. e5 Ng4 6. Bxc6 bxc6 7. h3 Nh6 8. g4
Ba6 9. d3 Bg7 10. Bf4 Qa5 11. O-O Ng8 12. Ne4 f6 13. Re1 O-O-O 14. a3 c4 15. d4
h5 16. g5 fxg5 17. Bxg5 Bh6 18. Nc5 Rf8 19. h4 Bxg5 20. hxg5 e6 21. Qd2 Qb6 22.
Nh4 Ne7 23. Qb4 Bb7 24. Nxb7 Kxb7 25. Qd6 Qd8 26. Ng2 Nd5 27. b3 c3 28. Re4
Qxg5 29. Qxd7+ Kb6 30. b4 Nc7 31. f4 Qg4 32. Re3 Rd8 33. Qe7 Nd5 34. Qc5+ Kb7
35. Rxc3 Nxc3 36. Qxc3 h4 37. b5 h3 0-1

[Event "DVM U20 2005"]
[Site "Berlin GER"]
[Date "2005.12.27"]
[Round "1"]
[White "Lozovoy, Sergej"]
[Black "Becker, Nils"]
[Result "1/2-1/2"]
[Termination "normal"]
[Board "3.3"]
[WhiteElo "1976"]
[BlackElo "2122"]
[WhiteTeam "SK König Plauen"]
[BlackTeam "SV Glück auf Rüdersdorf"]
[PlyCount "75"]
[BlackFideId "4695216"]
[EventCountry "GER"]
[EventRounds "7"]
[EventType "team-swiss"]
[EventDate "2005.12.26"]

1. e4 c5 2. Nf3 Nc6 3. Bb5 g6 4. O-O Bg7 5. Re1 Nf6 6. c3 O-O 7. d4 Qb6 8. Bf1
d6 9. d5 Nb8 10. Na3 Qd8 11. Nc2 e5 12. dxe6 Bxe6 13. c4 Nc6 14. Bf4 Ne8 15.
Rb1 Ne5 16. Nxe5 dxe5 17. Be3 Qc7 18. Na3 Nd6 19. Qc2 f5 20. exf5 gxf5 21. Nb5
Nxb5 22. cxb5 b6 23. Bc4 Qf7 24. b3 Rae8 25. Rbd1 Bxc4 26. Qxc4 Qxc4 27. bxc4
Rd8 28. f3 Kf7 29. Kf2 Ke6 30. Ke2 Bf6 31. Rxd8 Rxd8 32. Rd1 Rxd1 33. Kxd1 h5
34. Ke2 f4 35. Bf2 Kf5 36. Kd3 h4 37. a4 Be7 38. h3 1/2-1/2

[Event "DVM U20 2005"]
[Site "Berlin GER"]
[Date "2005.12.27"]
[Round "1"]
[White "Rutschke, Bernhard"]
[Black "Butzke, Daniel"]
[Result "1-0"]
[Termination "normal"]
[Board "3.4"]
[WhiteElo "2087"]
[BlackElo "1999"]
[WhiteTeam "SV Glück auf Rüdersdorf"]
[BlackTeam "SK König Plauen"]
[PlyCount "85"]
[WhiteFideId "24611050"]
[BlackFideId "4690028"]
[EventCountry "GER"]
[EventRounds "7"]
[EventType "team-swiss"]
[EventDate "2005.12.26"]

1. e4 e6 2. d4 d5 3. Nc3 Nf6 4. e5 Nfd7 5. f4 a6 6. Nf3 c5 7. Be3 Nc6 8. Qd2
cxd4 9. Nxd4 Nxd4 10. Bxd4 Bc5 11. O-O-O Bxd4 12. Qxd4 Qb6 13. Qxb6 Nxb6 14.
Ne2 Bd7 15. Nd4 Rc8 16. Bd3 Nc4 17. Rhe1 Na5 18. Re3 Nc6 19. Be2 O-O 20. Kb1
Rc7 21. g4 Nxd4 22. Rxd4 Rfc8 23. c3 Rc5 24. Bd3 Bb5 25. Kc2 Bxd3+ 26. Rexd3
Rc4 27. b3 R4c7 28. Kd2 Kf8 29. f5 Ke7 30. Rf4 Rf8 31. Rh3 g5 32. f6+ Kd7 33.
Rd4 Kc6 34. Rxh7 Rcc8 35. Rd3 Rh8 36. Rdh3 Rxh7 37. Rxh7 Rf8 38. Kd3 b5 39. Rg7
Rh8 40. Rxf7 Rxh2 41. Re7 Kc5 42. b4+ Kc6 43. f7 1-0

[Event "DVM U20 2005"]
[Site "Berlin GER"]
[Date "2005.12.27"]
[Round "1"]
[White "Titz, Johannes"]
[Black "Werner, Daniel"]
[Result "1/2-1/2"]
[Termination "normal"]
[Board "3.5"]
[WhiteElo "1965"]
[BlackElo "2167"]
[WhiteTeam "SK König Plauen"]
[BlackTeam "SV Glück auf Rüdersdorf"]
[PlyCount "120"]
[WhiteFideId "24637165"]
[BlackFideId "4662814"]
[EventCountry "GER"]
[EventRounds "7"]
[EventType "team-swiss"]
[EventDate "2005.12.26"]

1. f4 c5 2. Nf3 Nf6 3. e3 g6 4. Be2 Bg7 5. O-O O-O 6. d3 Nc6 7. Qe1 Qb6 8. a4
Nd5 9. Na3 Qb4 10. Qxb4 cxb4 11. Nc4 Nc7 12. Nce5 d6 13. Nxc6 bxc6 14. d4 c5
15. c3 Bf5 16. cxb4 cxb4 17. Bd2 a5 18. Rfc1 Rac8 19. Kf2 {(=)} Nd5 20. Bb5 Nf6
21. Ke2 Be4 22. Rxc8 Rxc8 23. Rc1 Rc2 24. Rxc2 Bxc2 25. Ne1 Be4 26. Nf3 h6 27.
Bd3 Bd5 28. Bb5 Be4 29. Bd3 Bc6 30. Bc2 Kf8 31. Be1 Ke8 32. Bd2 Kd7 33. Be1 Ng4
34. h3 Nf6 35. Bd2 Ne4 36. Be1 Bd5 37. Bd3 Nf6 38. Bb5+ Kc7 39. Bd2 Bb3 40. Be1
Bd5 41. Bd2 Nd7 42. Be1 Nb6 43. g4 Bb3 44. Nd2 Bxa4 45. Bxa4 Nxa4 46. Nc4 Kc6
47. b3 Kb5 48. Kd3 Nb6 49. Nxb6 Kxb6 50. Kc4 e6 51. h4 d5+ 52. Kd3 Kb5 53. Kc2
a4 54. Bd2 f6 55. Be1 e5 56. f5 gxf5 57. gxf5 h5 58. Bf2 Bh6 59. Kb2 a3+ 60.
Ka2 Kc6 1/2-1/2

[Event "DVM U20 2005"]
[Site "Berlin GER"]
[Date "2005.12.27"]
[Round "1"]
[White "Wapenhans, Alexander"]
[Black "Franz, Tobias"]
[Result "0-1"]
[Termination "normal"]
[Board "3.6"]
[WhiteElo "1913"]
[BlackElo "1703"]
[WhiteTeam "SV Glück auf Rüdersdorf"]
[BlackTeam "SK König Plauen"]
[PlyCount "84"]
[WhiteFideId "24622630"]
[EventCountry "GER"]
[EventRounds "7"]
[EventType "team-swiss"]
[EventDate "2005.12.26"]

1. e4 e5 2. Nf3 Nf6 3. Nxe5 d6 4. Nf3 Nxe4 5. d3 Nf6 6. h3 Be7 7. d4 d5 8. Bd3
O-O 9. O-O Re8 10. Re1 h6 11. c4 Be6 12. b3 c6 13. Nc3 Bb4 14. Bd2 Bd6 15. c5
Bc7 16. b4 Nbd7 17. b5 Rf8 18. bxc6 bxc6 19. Ba6 Rb8 20. Qa4 Ne4 21. Nxe4 dxe4
22. Rxe4 Bd5 23. Re3 Bxf3 24. Rxf3 Nxc5 25. dxc5 Qxd2 26. Rd1 Qb2 27. Bc4 Qe5
28. Qxc6 Qh2+ 29. Kf1 Qh1+ 30. Ke2 Rb2+ 31. Rd2 Rxd2+ 32. Kxd2 Ba5+ 33. Kc2 Qe1
34. Qd7 Rd8 35. Qxf7+ Kh8 36. Bd3 Qc3+ 37. Kb1 Rb8+ 38. Qb3 Rxb3+ 39. axb3
Qxb3+ 40. Kc1 Qc3+ 41. Kb1 Qxc5 42. Rf5 Qb4+ 0-1

[Event "DVM U20 2005"]
[Site "Berlin GER"]
[Date "2005.12.27"]
[Round "1"]
[White "Nüsken, Nikolas"]
[Black "Seiler, Sascha"]
[Result "1-0"]
[Termination "normal"]
[Board "4.1"]
[WhiteElo "2302"]
[BlackElo "2043"]
[WhiteTeam "HSK-Post SV Hannover"]
[BlackTeam "Heilbronner SV"]
[PlyCount "69"]
[WhiteFideId "24605891"]
[BlackFideId "24630594"]
[EventCountry "GER"]
[EventRounds "7"]
[EventType "team-swiss"]
[EventDate "2005.12.26"]

1. e4 c5 2. Nf3 d6 3. d4 cxd4 4. Nxd4 Nf6 5. f3 e6 6. Be2 d5 7. e5 Nfd7 8. f4
Nc6 9. c3 Nc5 10. O-O Bd7 11. Be3 a6 12. Nd2 Be7 13. Qe1 O-O 14. Qf2 Nxd4 15.
Bxd4 Rc8 16. Kh1 b5 17. Qe3 a5 18. Rac1 Nb7 19. Bd3 f5 20. exf6 Bxf6 21. Nf3
Bxd4 22. Qxd4 Nd6 23. Ne5 Nf7 24. Nf3 Qf6 25. Qa7 Bc6 26. Nd4 Nd6 27. Qa6 Nb7
28. Qb6 Nd8 29. Bxb5 Bxb5 30. Qxb5 a4 31. Qxa4 e5 32. Qd7 Rc5 33. Nb3 Rc6 34.
Qxd5+ Re6 35. Nc5 1-0

[Event "DVM U20 2005"]
[Site "Berlin GER"]
[Date "2005.12.27"]
[Round "1"]
[White "Bissbort, Julian"]
[Black "Abel, Dennes"]
[Result "0-1"]
[Termination "normal"]
[Board "4.2"]
[WhiteElo "2034"]
[BlackElo "2186"]
[WhiteTeam "Heilbronner SV"]
[BlackTeam "HSK-Post SV Hannover"]
[PlyCount "86"]
[WhiteFideId "24618144"]
[BlackFideId "24605417"]
[EventCountry "GER"]
[EventRounds "7"]
[EventType "team-swiss"]
[EventDate "2005.12.26"]

1. e4 c5 2. c3 Nf6 3. e5 Nd5 4. d4 cxd4 5. cxd4 d6 6. f4 Nc6 7. Nc3 dxe5 8.
fxe5 Bf5 9. Bd3 Bxd3 10. Nxd5 Qxd5 11. Qxd3 Nxe5 12. Qc3 Nc6 13. Nf3 e6 14. O-O
Bb4 15. Qd3 O-O 16. Be3 Be7 17. a3 Rad8 18. Rad1 e5 19. Qc3 exd4 20. Nxd4 Bf6
21. Rxf6 gxf6 22. Rd2 Nxd4 23. Rxd4 Qe6 24. h3 Rxd4 25. Bxd4 f5 26. Bxa7 Re8
27. Qg3+ Qg6 28. Qf3 b6 29. Qf2 Re6 30. a4 h6 31. b4 Qf6 32. a5 bxa5 33. bxa5
Qa1+ 34. Kh2 Qxa5 35. Bd4 Qc7+ 36. Kh1 Qc1+ 37. Kh2 Qg5 38. Qf3 Re4 39. Bc3 Kh7
40. Bb2 Re3 41. Qf2 f4 42. Kg1 Qg6 43. Qxf4 Re2 0-1

[Event "DVM U20 2005"]
[Site "Berlin GER"]
[Date "2005.12.27"]
[Round "1"]
[White "Luo, Xinping"]
[Black "Wolf, Christoph"]
[Result "1/2-1/2"]
[Termination "normal"]
[Board "4.4"]
[WhiteElo "1824"]
[BlackElo "1954"]
[WhiteTeam "Heilbronner SV"]
[BlackTeam "HSK-Post SV Hannover"]
[PlyCount "115"]
[WhiteFideId "4648951"]
[BlackFideId "24622877"]
[EventCountry "GER"]
[EventRounds "7"]
[EventType "team-swiss"]
[EventDate "2005.12.26"]

1. e4 c5 2. Nf3 e6 3. d4 cxd4 4. Nxd4 a6 5. Bd3 Bc5 6. Nb3 Ba7 7. O-O Ne7 8.
Nc3 O-O 9. Kh1 Nbc6 10. Qh5 Nb4 11. a3 Nxd3 12. cxd3 Ng6 13. Qe2 e5 14. Be3 d6
15. Nd2 f5 16. Bxa7 Rxa7 17. Qe3 Ra8 18. Nd5 Be6 19. Nc3 f4 20. Qe1 Qg5 21. f3
Nh4 22. Rg1 Qh5 23. Qf2 Rf6 24. Nf1 g5 25. g4 fxg3 26. Qxg3 Qxf3+ 27. Qxf3 Nxf3
28. Rg2 h6 29. Ng3 Raf8 30. b4 Rc8 31. Rc1 Nd4 32. Na2 Rff8 33. Rxc8 Rxc8 34.
h4 Bh3 35. Rg1 Nf3 36. Rc1 Rxc1+ 37. Nxc1 Nxh4 38. Nb3 Bd7 39. Na5 Bc6 40. Nc4
Bb5 41. Nxd6 Bxd3 42. Nxb7 Nf3 43. Nc5 Bc4 44. a4 {(=)} Nd4 45. Nd7 Nc6 46. Kg2
Kf7 47. Nf5 Be6 48. Nxh6+ Kg6 49. Nf8+ Kxh6 50. Nxe6 Nxb4 51. Kg3 Nd3 52. Kg4
Kg6 53. a5 Kf6 54. Nxg5 Nc5 55. Nh7+ Kg6 56. Ng5 Nb3 57. Ne6 Nxa5 58. Nc5
1/2-1/2

[Event "DVM U20 2005"]
[Site "Berlin GER"]
[Date "2005.12.27"]
[Round "1"]
[White "Wall, Henrik"]
[Black "Witte, Stefan"]
[Result "1-0"]
[Termination "normal"]
[Board "4.5"]
[WhiteElo "1878"]
[BlackElo "1981"]
[WhiteTeam "HSK-Post SV Hannover"]
[BlackTeam "Heilbronner SV"]
[PlyCount "67"]
[WhiteFideId "24614033"]
[EventCountry "GER"]
[EventRounds "7"]
[EventType "team-swiss"]
[EventDate "2005.12.26"]

1. e4 c5 2. Nf3 e6 3. b3 Nc6 4. Bb2 Nf6 5. e5 Nd5 6. Nc3 Nxc3 7. Bxc3 Qc7 8.
Bd3 Be7 9. Qe2 a6 10. a4 b6 11. O-O Bb7 12. Rfe1 O-O 13. Qe4 g6 14. Qg4 Nb4 15.
Bxb4 cxb4 16. Ng5 Rac8 17. Re3 h5 18. Qg3 Qd8 19. Ne4 Bh4 20. Qf4 Kg7 21. Rae1
a5 22. Rh3 Be7 23. Ree3 Rh8 24. Reg3 h4 25. Rg4 Rh5 26. Nd6 Bxd6 27. exd6 e5
28. Qe3 Rc6 29. Be4 Qc8 30. Rgxh4 Rxc2 31. Bxc2 Qxc2 32. f3 Qc1+ 33. Kf2 Ba6
34. Rxh5 1-0